Eye openers : (Record no. 8024)

MARC details
000 -LEADER
fixed length control field 00990nam a22003017a 4500
001 - CONTROL NUMBER
control field 8024
003 - CONTROL NUMBER IDENTIFIER
control field FISKH
005 - DATE AND TIME OF LATEST TRANSACTION
control field 20250828111051.0
008 - FIXED-LENGTH DATA ELEMENTS--GENERAL INFORMATION
fixed length control field 250819b cb ||||| |||| 00| 0 eng d
020 ## - INTERNATIONAL STANDARD BOOK NUMBER
International Standard Book Number 9780439877060
040 ## - CATALOGING SOURCE
Original cataloging agency FISKH
Language of cataloging eng
Transcribing agency FISKH
Modifying agency FISKH
050 ## - LIBRARY OF CONGRESS CALL NUMBER
Classification number QL467 .I585
082 ## - DEWEY DECIMAL CLASSIFICATION NUMBER
Classification number 595.7
100 ## - MAIN ENTRY--PERSONAL NAME
Personal name Royston, Angela
Dates associated with a name (1945-)
245 ## - TITLE STATEMENT
Title Eye openers :
Remainder of title Insects and crawly creatures /
Statement of responsibility, etc. By Angela Royston
250 ## - EDITION STATEMENT
Edition statement This edition first published in 1992
260 ## - PUBLICATION, DISTRIBUTION, ETC.
Place of publication, distribution, etc. New York :
Name of publisher, distributor, etc. Scholastic,
Date of publication, distribution, etc. 1992
300 ## - PHYSICAL DESCRIPTION
Extent 16 unnumbered pages :
Other physical details color illustrations ;
Dimensions 22 cm
505 ## - FORMATTED CONTENTS NOTE
Formatted contents note N<br/>
520 ## - SUMMARY, ETC.
Summary, etc. Brief text and photographs introduce the snail, spider, butterfly, bumblebee, grasshopper, ant, ladybug, and damselfly.<br/>
521 8# - TARGET AUDIENCE NOTE
Target audience note 550<br/>
Source Lexile<br/>
521 8# - TARGET AUDIENCE NOTE
Target audience note N<br/>
Source Raz-Plus<br/>
650 ## - SUBJECT ADDED ENTRY--TOPICAL TERM
Source of heading or term Insects/Bugs
Topical term or geographic name entry element Yellow sticker
650 ## - SUBJECT ADDED ENTRY--TOPICAL TERM
Source of heading or term Give-away books
Topical term or geographic name entry element All about insects
700 ## - ADDED ENTRY--PERSONAL NAME
Personal name Hopkins, Dave
Dates associated with a name illustrator
942 ## - ADDED ENTRY ELEMENTS (KOHA)
Source of classification or shelving scheme Dewey Decimal Classification
Koha item type Books
Suppress in OPAC No
Holdings
Withdrawn status Lost status Source of classification or shelving scheme Damaged status Not for loan Collection Home library Current library Shelving location Date acquired Total Checkouts Full call number Barcode Date last seen Copy number Price effective from Koha item type
    Dewey Decimal Classification     Non-Fiction Footprints International School Library Network Toul Tom Poung Campus Footprints International School Library Network Toul Tom Poung Campus TTP Primary Yellow Bookshelves 08/19/2025   ROY 595.7 QL467 .I585 FISBK05932 08/19/2025 1 08/19/2025 Books
    Dewey Decimal Classification     Non-Fiction Footprints International School Library Network Toul Tom Poung Campus Footprints International School Library Network Toul Tom Poung Campus TTP Primary Yellow Bookshelves 08/27/2025   ROY 595.7 QL467 .I585 FISTK02108 08/27/2025 2 08/27/2025 Books
    Dewey Decimal Classification     Non-Fiction Footprints International School Library Network Toul Tom Poung Campus Footprints International School Library Network Toul Tom Poung Campus TTP Primary Yellow Bookshelves 08/28/2025   ROY 595.7 QL467 .I585 FIS04945 08/28/2025 3 08/28/2025 Books